[Event "33rd ECCC Open 2017"]
[Site "Antalya"]
[Date "2017.10.12"]
[Round "3"]
[White "Kantane, Anna"]
[Black "Kristensen, Kaare Hove"]
[Result "1/2-1/2"]
[WhiteElo "2276"]
[BlackElo "2331"]
[Annotator "TA"]
[PlyCount "221"]
[EventType "team-tourn"]
[EventCountry "TUR"]
[WhiteTeam "Riga"]
[BlackTeam "Nordkalotten"]

{[%evp 25,221,26,15,8,18,-53,-67,-57,-42,-62,0,-216,-235,-254,-244,-285,-271,-271,-276,-274,-269,-273,-261,-244,-183,-229,-131,-145,-117,-190,-93,-112,-82,-76,-60,-82,-82,-82,-82,-83,-79,-92,0,-81,-81,-79,-79,-106,-93,-74,-104,-145,-50,-156,-176,-157,-152,-153,-139,-141,-37,-37,-42,-34,-34,-39,-16,-235,-250,-277,-179,-151,-8,-300,-276,-276,-251,-267,0,0,0,0,0,0,0,0,0,0,0,0,0,0,8,0,0,0,8,0,59,0,0,0,0,-8,-8,-8,-8,-8,-8,-8,-8,-8,-8,-8,-8,-8,-8,-8,-8,-8,-8,-8,-8,-8,-8,-8,-8,-8,-8,-8,-8,-8,-8,-8,-8,-15,-15,-15,-8,-8,-8,-8,-8,-8,-8,-8,-8,-8,-8,-8,-8,-8,0,-8,-8,-8,-8,-15,-15,-15,0,-15,-15,-30,0,0,0,0,0,0,0,0,0,0,0,0,0,0,0,0,0,0,0,0,0,0,0,0,0,0,0,0,0,0,0,0,0,0]} 1. e4 c5 2. Nf3 Nc6 3. d4 cxd4 4. Nxd4 Nf6 5. Nc3 d6 6. Bg5 e6 7. Qd2 Be7 8. O-O-O Nxd4 9. Qxd4 O-O 10. f4 h6 11. Bh4 Qa5 12. Bc4 Qh5 {B65: Sicilian: Richter-Rauzer: 7...Be7 8 0-0-0 0-0 9 f4 Nxd4} 13. Bg3 Rd8 {LiveBook: 18 Games} 14. h3 (14. Be2 Qa5 15. e5 dxe5 16. Qxe5 Qxe5 17. Rxd8+ Bxd8 18. fxe5 Nd5 19. Ne4 Bd7 20. Bf3 {½-½ (37) Piorun,K (2648)-Socko,B (2590) Warsaw 2017}) 14... Bd7 15. Bh2 {[#]} (15. Rhe1 $11) 15... Rac8 $146 ({Predecessor:} 15... Qa5 16. Bb3 b5 17. Rhe1 b4 18. Nb1 Ba4 19. Qe3 d5 20. e5 Ne4 21. Bxa4 Qxa4 22. Qb3 Qc6 23. Bg1 a5 24. Nd2 Nc3 25. bxc3 a4 {0-1 (25) Hagen,A (2430)-Greenfeld,A (2536) London 2014}) 16. Bb3 Bc6 17. Qe3 b5 (17... Qa5 $15) 18. e5 $2 (18. f5 $1 $11 e5 19. g4) 18... dxe5 $19 19. fxe5 Nd7 (19... Bxg2 20. exf6 Bxf6 21. Rhg1 $11) 20. Bf4 a5 {White must now prevent ...a4.} ({Resist} 20... Bxg2 21. Rhg1 $17) 21. a4 b4 ({But not} 21... Bxg2 22. Rhg1 $17) 22. Ne4 Bxe4 23. Qxe4 Nc5 24. Qe3 Rxd1+ 25. Rxd1 Bg5 ({Better is} 25... g5 $19 26. Bh2 Nxb3+ 27. Qxb3 Qe2) 26. Bc4 $17 Nxa4 27. Ba6 {[#]} (27. Bxg5 $17 {keeps fighting.} Nxb2 28. Be2 Nxd1 29. Bxh5 Nxe3 30. Bxe3) 27... Rc5 (27... Nxb2 $1 $19 {[%mdl 512] has better winning chances.} 28. Rd4 (28. Kxb2 Qxd1) 28... Rc3) 28. g3 Rc7 29. Be2 Bxf4 30. Rd8+ Kh7 {( -> ...Qxe2)} 31. gxf4 Qh4 $1 $40 {[%cal Rh4d8][%mdl 128] Black attacks with force.} 32. Qd3+ g6 33. Qd6 {[#]} Qe7 ({Much worse is} 33... Qxf4+ $6 34. Kb1 $11) (33... Qe1+ $1 $17 34. Bd1 Qe3+ 35. Kb1 Qc5) 34. Qxe7 (34. Ra8 $11 {remains equal.} b3 35. Qxe7 Rxe7 36. Rxa5) 34... Rxe7 $11 {[%mdl 4096] Endgame KRB-KRN} 35. Ra8 Nb6 36. Rxa5 Nd5 37. Rb5 Nxf4 38. Bf1 Nd5 (38... Ra7 $17 39. Kd2 Rd7+ 40. Ke3 g5 41. Bd3+ Kg7) 39. Bg2 {[#]} ({White should try} 39. Bc4 $15) 39... Ne3 $1 $17 {[%cal Re3g2]} 40. Be4 Rd7 {[%csl Ge3][%cal Rd7d1]} 41. Bd3 Rd4 42. Kd2 Nd5 (42... Nf1+ $17 43. Ke2 Ng3+ 44. Ke3 Rh4) 43. c3 $15 bxc3+ 44. bxc3 Ra4 45. c4 Ra2+ 46. Ke1 $2 (46. Bc2 $1 $11 {and White stays safe.} Nf4 47. c5) 46... Nf4 $1 $19 {[%csl LRd3,LRh3]} 47. Bf1 Ra3 48. Kd2 Rf3 (48... Nxh3 $17 49. c5 Ng5) 49. Be2 $2 {[%mdl 8192]} (49. Rb1 $1 $11 {and White is okay.}) 49... Nxe2 50. Kxe2 {KR-KR} Rc3 51. c5 g5 $2 (51... Rxh3 $19 52. Kd2 Ra3) 52. Kd2 $11 Rc4 53. Kd3 Rc1 $1 54. Kd2 Rc4 55. Kd3 Rc1 $1 56. Kd2 Ra1 57. c6 Ra8 $1 58. Ke3 Kg6 59. Ke4 Rc8 60. Rc5 Rc7 61. Rc3 {aiming for Kd4.} h5 (61... f5+ $11 62. exf6 Kxf6) 62. Rc2 (62. Kd4 $14) 62... g4 63. hxg4 hxg4 64. Kf4 g3 65. Kg4 g2 66. Rxg2 {With the idea Kf4+.} Rxc6 67. Kf4+ Kh6 68. Rg8 Rc4+ 69. Kf3 Kh7 70. Rg1 Rh4 71. Rg2 Rh6 72. Kf4 Rg6 73. Ra2 Rg1 74. Ra7 Kg6 75. Ra8 {White threatens Rg8+ and mate.} Rf1+ 76. Ke4 Kg7 77. Rb8 Rh1 78. Ra8 Rh4+ 79. Kf3 Kg6 80. Ra7 Rh1 81. Kf4 Kh5 82. Rb7 Rf1+ 83. Ke4 Kg4 84. Ra7 Rf5 85. Rb7 Rf4+ 86. Ke3 Kg3 87. Ra7 Rf5 88. Ke4 Kg4 89. Rb7 Kg5 90. Ra7 Kg6 91. Rb7 Rh5 92. Ra7 Rh4+ 93. Kf3 Rh7 94. Kf4 f5 95. Ra6 $1 {The position is equal.} Rh4+ 96. Kf3 Kf7 97. Ra7+ $1 Ke8 98. Ra8+ Kd7 99. Ra7+ $1 Kd8 {Strongly threatening ...Re4.} 100. Ra8+ Kc7 {And now ...Re4 would win.} (100... Kd7 $5 101. Ra7+ $8 Ke8 $11) 101. Ra6 Rh6 102. Rd6 Rg6 103. Kf4 Kc8 104. Kf3 Kc7 105. Kf4 Rg4+ 106. Kf3 Re4 107. Rxe6 Kd7 108. Rf6 Rxe5 109. Kf4 Ra5 110. Rxf5 Rxf5+ 111. Kxf5 {Precision: White = 60%, Black = 62%.} 1/2-1/2

[Event "33rd ECCC Open 2017"]
[Site "Antalya"]
[Date "2017.10.11"]
[Round "3"]
[White "Hardarson, Jon Trausti"]
[Black "Mikhalevski, Victor"]
[Result "0-1"]
[WhiteElo "2146"]
[BlackElo "2547"]
[Annotator "TA"]
[PlyCount "64"]
[EventType "team-tourn"]
[EventCountry "TUR"]
[WhiteTeam "Fjolnir"]
[BlackTeam "Beer Sheva"]

{[%evp 10,64,31,0,25,13,14,3,31,16,27,25,16,19,50,7,17,13,47,7,19,1,17,9,8,-51,-22,-57,-24,-69,-62,-77,-60,-73,-85,-83,-64,-81,-71,-106,-104,-94,-55,-134,-129,-237,-215,-243,-243,-256,-252,-278,-200,-434,-444,-453,-440]} 1. d4 Nf6 2. c4 g6 3. Nf3 Bg7 4. g3 d5 5. Bg2 dxc4 6. Qa4+ c6 {D73: Fianchetto Grünfeld: 5 Nf3} 7. Qxc4 Be6 (7... O-O 8. O-O Bf5 9. Nc3 Nbd7 10. Qb4 Nb6 11. Qb3 a5 12. Re1 Ne4 13. Nh4 Be6 14. Qc2 Nd6 15. Nf3 Nb5 16. Rd1 Rc8 17. h3 Qd7 18. Kh2 Rfd8 19. Bf4 Qe8 20. e3 Nd5 21. Na4 Nxf4 22. gxf4 Bf5 23. Qb3 Be6 24. Qc2 Bf5 25. Qb3 Be6 26. Qc2 {½-½ (26) Mamedyarov,S (2800)-Grischuk,A (2761) Paris 2017}) 8. Qc2 Na6 {[%cal Bb8a6,Ba6b4,Bb4d5,Bd5b6][%mdl 32] The position is equal.} 9. Nc3 Nb4 10. Qd1 O-O $146 ({Predecessor:} 10... Nbd5 11. Nxd5 Bxd5 12. O-O O-O 13. e3 Ne4 14. Nd2 Nxd2 15. Bxd2 Bxg2 16. Kxg2 Qd5+ 17. Qf3 Qxf3+ 18. Kxf3 e5 19. dxe5 Bxe5 20. Rab1 Rfd8 21. Ke2 Rd7 22. b3 Rad8 23. Rfd1 {½-½ (23) Prahov,G (2243)-Fer,V (2199) Ekaterinburg 2007}) 11. O-O a5 12. a3 Nbd5 13. Na4 Bf5 14. Nh4 Bc8 15. e4 Nb6 $1 16. Nc3 a4 17. d5 (17. e5 $11 Nfd5 18. Re1) 17... Bg4 $36 {[%mdl 2048] Black is more active.} 18. Qd3 Nfd7 {[%cal Bf6d7,Bd7c5,Bc5b3,Bb3a1][%mdl 32]} 19. h3 Nc5 20. Qe3 Nb3 {And now ...cxd5 would win.} 21. Nxa4 Nxa1 22. Nxb6 {[#]} Ra6 $1 23. Nc4 Bd7 {[%cal Bg4d7,Bd7b5,Bb5c4][%mdl 32]} 24. Bd2 cxd5 25. exd5 Bb5 26. Rxa1 (26. Rc1 $15) 26... Bxc4 $17 27. Qc5 (27. Bb4 $17 {keeps fighting.} Bxb2 28. Rd1) 27... b5 28. Bb4 Bxb2 29. Rd1 Re8 30. Nf3 Qb6 31. Nd4 $2 {[#]} (31. Qxb6 Rxb6 32. Rb1) 31... Qxc5 $19 32. Bxc5 Bxa3 {Precision: White = 28%, Black = 76%.} 0-1

[Event "33rd ECCC Open 2017"]
[Site "Antalya"]
[Date "2017.10.11"]
[Round "3"]
[White "Ererdem, Gani Eren"]
[Black "Pijpers, Arthur"]
[Result "0-1"]
[WhiteElo "2136"]
[BlackElo "2465"]
[Annotator "TA"]
[PlyCount "82"]
[EventType "team-tourn"]
[EventCountry "TUR"]
[WhiteTeam "Karaman"]
[BlackTeam "Leiden"]

{[%evp 26,82,26,24,25,24,29,15,28,12,52,60,88,87,109,121,114,68,75,55,107,34,12,0,20,-11,-16,-15,-12,-15,-13,-13,-13,-13,-13,-4,0,-20,-16,-101,-97,-195,-196,-190,-68,-184,-44,-226,-228,-210,-210,-722,-716,-708,-703,-738,-694,-975,-943]} 1. d4 Nf6 2. Nf3 g6 3. g3 Bg7 4. Bg2 O-O 5. c4 d6 6. O-O Nc6 7. Nc3 a6 8. b3 Rb8 9. Nd5 e6 10. Nxf6+ {E63: King's Indian: Fianchetto: Panno Variation with 7...a6} Qxf6 11. Bg5 (11. Bb2 Qe7 12. Qd2 e5 13. d5 Nd8 14. Rac1 f5 15. b4 Nf7 16. c5 Bd7 17. Qc2 Rbc8 {0-1 (34) Bachmann,A (2636)-Perez Ponsa,F (2533) Montevideo 2015}) 11... Qf5 12. Qd2 Qa5 13. Qxa5 Nxa5 14. Rac1 {LiveBook: 3 Games} Nc6 15. Rfd1 h6 16. Be3 Ne7 17. d5 $146 ({Predecessor:} 17. Bd2 b6 {0-1 (70) Gerstner,B (2153)-Schmitz,T (2322) Germany 2013}) 17... e5 18. c5 $1 b5 19. Ne1 Nf5 20. Bd2 b4 21. e3 a5 22. Nd3 Rb5 (22... Bd7 $14) 23. Bf1 (23. cxd6 $16 cxd6 24. Rc7) 23... e4 $14 24. Nf4 Rb8 25. cxd6 cxd6 26. Bg2 Re8 27. Rc4 Ba6 28. Rxe4 Rec8 29. Bf1 $1 {[%cal Rf1a6]} Bxf1 30. Kxf1 Rc2 31. Nd3 Rxa2 32. Nc1 {[#]} (32. Ke1 $11) 32... Rc2 $1 $36 {[%mdl 2048] Keeping White busy.} 33. g4 (33. Nd3 $17 {was called for.}) 33... Nh4 $19 34. Ke2 Rbc8 (34... Kf8 $19 35. h3 Rbc8) 35. Nd3 {[#]} (35. Re7 $1 $15) 35... Bc3 (35... Kf8 $1 $19 36. Rc1 Rxc1 37. Bxc1 Rc2+ 38. Kd1 Rc3) 36. f4 $2 ({White should play} 36. Re7 $1 $15) 36... Kf8 37. h3 Rc7 38. Rc4 $2 (38. Ne1 Ra2 39. Nd3) 38... Rxc4 {Black is clearly winning.} 39. bxc4 b3 {[%cal Bb4b3,Bb3b2][%mdl 32]} 40. Ne1 Bxd2 41. Rxd2 b2 {Precision: White = 37%, Black = 51%.} 0-1

[Event "33rd ECCC Open 2017"]
[Site "Antalya"]
[Date "2017.10.13"]
[Round "3"]
[White "Longson, Sarah N"]
[Black "Sulava, Nenad"]
[Result "1/2-1/2"]
[WhiteElo "2102"]
[BlackElo "2442"]
[Annotator "TA"]
[PlyCount "215"]
[EventType "team-tourn"]
[EventCountry "TUR"]
[WhiteTeam "3CS Oldham"]
[BlackTeam "Nice Alekhine"]

{[%evp 16,215,72,72,73,75,95,97,84,88,82,88,105,73,83,64,72,68,68,65,79,77,86,84,94,88,84,-32,-23,-34,-27,-42,23,-20,-15,-22,-17,-83,-20,-151,-68,-108,-95,-88,-63,-54,-21,-82,-85,-136,-122,-133,-133,-187,-194,-203,-197,-192,-200,-233,-189,-183,-179,-248,-246,-248,-245,-237,-202,-206,-192,-245,-243,-245,-242,-242,-240,-244,-241,-241,-246,-297,-202,-239,-188,-179,-173,-199,-187,-203,-185,-179,-90,-308,-307,-308,-291,-301,-286,-262,-226,-219,-219,-340,-340,-274,-222,-375,-367,-367,-349,-318,-304,-409,-390,-384,-393,-377,-368,-490,-490,-585,-490,-706,-692,-586,-518,-540,-507,-729,-481,-1291,-606,-535,-31,-32,-31,-31,-31,-33,-34,-29958,-29957,-29946,-12792,-12794,-11936,-12775,-481,-12775,-8412,-7007,-481,-481,-481,-12838,-6630,-6404,-4742,-4491,-2453,-1024,-939,-4758,-481,-481,-481,-6388,-473,-5425,-535,-532,-473,-473,-473,-29960,-29962,-29955,-29959,-29957,-29954,-29970,-29970,-29971,-29972,-29974,-29973,-29972,-29973,-29975,-29976,-29976,-29977,-29977,-29978,-29977,-29978,-29979,-29977,-29977,-29975,-29973]} 1. e4 e6 2. d4 c5 3. d5 exd5 4. exd5 d6 5. Nf3 Nf6 6. c4 Be7 {A43: Schmid Benoni} 7. Bd3 O-O 8. h3 Na6 9. Nc3 {LiveBook: 3 Games} Nc7 10. O-O a6 11. a4 b6 12. Bf4 Re8 13. Re1 h6 $146 ({Predecessor:} 13... Rb8 14. b3 Bf8 {½-½ (77) Stamenkovic,D (2394)-Zambrana,O (2480) Campinas 2010}) 14. Bc2 Bf8 15. Qd2 Bd7 16. b3 b5 17. Rxe8 Qxe8 18. Re1 Qb8 19. Qd3 Qb6 20. g4 {aiming for g5.} Re8 21. g5 (21. Rd1 $16) 21... Rxe1+ 22. Nxe1 hxg5 23. Bxg5 Nce8 (23... bxc4 $15 24. bxc4 Nce8) 24. Ne4 Nxe4 25. Qxe4 {[%csl Gc2][%cal Re4h7]} g6 26. h4 (26. axb5 $11 {remains equal.} axb5 27. Kg2) 26... Ng7 (26... bxa4 $17 27. bxa4 Qb2) 27. Bd1 (27. axb5 $11 {keeps the balance.} axb5 28. Qe2) 27... Bf5 (27... bxa4 $1 $17 28. bxa4 Qb4) 28. Qe3 bxc4 29. bxc4 Qb1 $36 {[%mdl 2048] Black is more active.} 30. Qb3 Qe4 31. Qc3 (31. Nc2 $11) 31... Bd7 $17 32. Bf3 (32. Ng2 $142) 32... Qb1 33. a5 Nf5 34. Bf6 {[#]} (34. Qc1 $17 Qxc1 35. Bxc1) 34... Nd4 $1 {[%mdl 512]} 35. Bxd4 cxd4 36. Qd2 Bg7 37. Kf1 Qf5 38. Qg5 d3 39. Qd2 (39. Qxf5 $142 Bxf5 40. Ng2) 39... Qh3+ $19 40. Bg2 Qxh4 41. Qxd3 Bf5 42. Qe2 Qd4 43. c5 (43. Kg1 $142) 43... Qxc5 44. Qxa6 Bd4 45. Qe2 Qxa5 46. Be4 Bh3+ 47. Kg1 Qa1 48. Kh2 Bd7 49. Kg2 Bf6 50. Nf3 Kg7 51. Qc2 Bd8 52. Qb3 Qf6 53. Qe3 g5 ({Black should try} 53... Qb2 $19 {Hoping for ...Bf6.} 54. Qd2 Qxd2 55. Nxd2 Bb5) 54. Qd4 $2 (54. Nd2 $17) 54... g4 55. Qxf6+ Kxf6 {[%mdl 4096] Endgame KBB-KBN} (55... Bxf6 56. Nd2 $19) 56. Nd2 Ke5 57. Bc2 Bb5 ({Don't take} 57... Kxd5 58. Bb3+ Kd4 59. Bxf7 $19) 58. f3 Ba5 59. Ne4 (59. Nb3 {was the only chance.} gxf3+ 60. Kxf3) 59... gxf3+ ({Much less strong is} 59... Kxd5 60. Nf6+ Kd4 61. Nxg4 $19) 60. Kxf3 Bc4 ({And not} 60... Kxd5 61. Bb3+ Ke5 62. Nxd6 $1 $11 {[%mdl 512]}) 61. Nf2 $2 (61. Ng5 Bxd5+ 62. Kg4) 61... Bxd5+ 62. Ke2 Bc4+ 63. Kf3 Bd2 64. Ng4+ Kd4 65. Bh7 Bg5 66. Nf2 Be6 67. Ke2 d5 68. Nd3 Kc3 69. Nf2 (69. Kf3 $142) 69... f5 70. Nd3 Kd4 71. Bg6 Bd7 72. Ne1 Bb5+ 73. Kd1 (73. Kf3 $142 Ke5 74. Nc2) 73... Ke5 (73... Ke4 $142 74. Bf7 d4) 74. Nf3+ {[#]} Kf6 $2 {[#]} (74... Kf4 $1 $19 75. Nxg5 Kxg5) 75. Bxf5 $1 $15 {[%mdl 512]} Be3 (75... Kxf5 76. Nd4+) 76. Bh7 Ke6 {White must now prevent ...Kd6.} (76... Bc6 {seems wilder.} 77. Kc2 Bb6 78. Bg8 Bd8 79. Kd3 Bb7) 77. Bg8+ Kd6 {Strongly threatening ...Bd3.} 78. Bxd5 $2 {[%mdl 8192]} (78. Bh7 $15) 78... Kxd5 79. Kc2 Bh6 (79... Bb6 $142 80. Nd2 Ba5 81. Nf3 Ke4 82. Ng5+ Ke3 83. Ne6 Ba4+ 84. Kb2 Bb4 85. Nd8 Kd2 86. Ne6 Ke3 87. Nd8 Kd3 88. Nf7 Bc3+ 89. Kc1 Bd4 90. Nd6 Bc5 91. Nf5 Kc3 92. Ng3 Be3+ 93. Kb1 Bc2+ 94. Ka2 Bb3+ 95. Kb1 Bc4 96. Ne4+ Kb3 97. Nc5+ Bxc5 98. Kc1 Bb4 99. Kd1 Bd3 100. Kc1 Be2 101. Kb1 Ba3 102. Ka1 Bb2+ 103. Kb1 Bd3#) 80. Nd2 $19 Be8 81. Kc3 Bh5 (81... Bg7+ $142 82. Kb4 Bg6) 82. Nb3 (82. Kd3 $142 Bg6+ 83. Ke2) 82... Bd1 83. Nd2 Bg7+ (83... Be2 $142 84. Nb3 Bg7+ 85. Kb4 Bf8+ 86. Kc3 Be7) 84. Kd3 Bg4 85. Nb3 (85. Nf1 $142 Bf5+ 86. Ke2) 85... Bf5+ 86. Ke2 Ke4 87. Nd2+ Kf4 88. Nb3 Bc8 89. Nc5 Bd4 (89... Bf8 $142 90. Nd3+ Ke4 91. Nf2+ Kd4) 90. Nd3+ Kg3 91. Kd2 (91. Nb4 $142 Bg1 92. Nc6) 91... Kf3 92. Ne1+ (92. Kc2 $142 Ke3 93. Nb4) 92... Ke4 93. Nc2 Bc5 94. Kc3 Be6 95. Kd2 (95. Ne1 $19 Bd4+ 96. Kd2) 95... Bb6 {Black mates.} 96. Na3 Ba5+ 97. Kc2 Kd4 98. Nb1 Bf5+ 99. Kb2 Kd3 100. Kb3 Bd7 101. Na3 Be1 102. Kb2 Ba4 103. Nb1 Bb4 104. Kc1 Be7 105. Kb2 Bf6+ 106. Kc1 Bd7 107. Na3 Be6 108. Nb1 {[%mdl 32768] Precision: White = 36%, Black = 59%. . An unexpected result.} 1/2-1/2

[Event "33rd ECCC Open 2017"]
[Site "Antalya"]
[Date "2017.10.11"]
[Round "3"]
[White "Barrett, Stephen J"]
[Black "Varga, Zoltan"]
[Result "0-1"]
[WhiteElo "2101"]
[BlackElo "2451"]
[Annotator "TA"]
[PlyCount "80"]
[EventType "team-tourn"]
[EventCountry "TUR"]
[WhiteTeam "White Rose"]
[BlackTeam "Dunajska Streda"]

{[%evp 13,80,43,36,39,31,35,38,32,46,16,22,18,29,-14,16,-74,-36,-93,-76,-108,-19,-40,-42,-33,-35,-35,-39,-33,-41,-43,-55,-171,-170,-180,-192,-170,-170,-188,-187,-172,-162,-191,-194,-172,-177,-177,-194,-196,-195,-203,-193,-215,-214,-209,-207,-285,-283,-350,-357,-345,-358,-604,-600,-1004,-1002,-5110,-4933,-29980,-29980]} 1. d4 d5 2. c4 dxc4 3. e4 Nf6 4. e5 Nd5 5. Bxc4 Nb6 6. Bd3 Nc6 7. Ne2 Bg4 8. f3 {D20: Queen's Gambit Accepted: 3 e3 and 3 e4} Bh5 9. Nbc3 e6 10. Be3 {White is slightly better.} (10. Be4 Bg6 11. O-O Be7 12. Be3 Bxe4 13. fxe4 O-O 14. Nf4 Bg5 15. Kh1 Qe7 {1-0 (53) Le,Q (2739)-Caruana,F (2807) Saint Louis 2017}) 10... Bg6 11. Be4 Qd7 12. O-O Be7 13. a4 $146 ({Predecessor:} 13. a3 O-O-O 14. Rc1 Kb8 15. Na4 Nxd4 16. Bxd4 Qxa4 17. Rxc7 Bxe4 18. Rxe7 Qxd1 19. Rxd1 {0-1 (41) Hawkins,J (2552)-Edouard,R (2659) Hastings 2015}) 13... O-O 14. a5 (14. Bf2 $11 {keeps the balance.}) 14... Nc4 15. Bf4 ({Better is} 15. Bf2 $15) 15... Rad8 $17 {[%cal Rc6d4]} 16. Qa4 N4xa5 (16... Nxb2 $17 17. Qb5 Nb4 18. Qxb7 c5 19. Qxd7 Rxd7 20. dxc5 Bxc5+ 21. Kh1 N4d3) 17. Rfd1 Bxe4 18. fxe4 b6 $1 19. d5 exd5 20. exd5 Bc5+ 21. Kh1 Nb4 22. Ne4 (22. Bg5 $15 Nc4 23. Bxd8 Qxd8 24. Qxa7) 22... Qxa4 $19 23. Rxa4 Nxd5 24. Bg5 Be7 25. Rad4 {[#] Threatens to win with Bxe7.} f6 $1 26. exf6 Nxf6 27. Nxf6+ gxf6 28. Bh6 Rxd4 29. Rxd4 Rd8 30. Rg4+ Kf7 31. Rg7+ Ke8 {[#] Strongly threatening ...Rd1+.} 32. g4 Rd1+ 33. Kg2 Rb1 34. Kf3 Rxb2 35. h4 Nc6 36. Nf4 a5 {[%cal Ba7a5,Ba5a4,Ba4a3,Ba3a2][%mdl 32]} 37. Ke4 $2 (37. g5) 37... a4 38. Nd5 a3 {aiming for ...a2.} 39. Kf5 a2 40. Rg8+ Kd7 {Precision: White = 32%, Black = 77%.} 0-1

[Event "33rd ECCC Open 2017"]
[Site "Antalya"]
[Date "2017.10.11"]
[Round "3"]
[White "Bryn, Askild"]
[Black "Jakovenko, Dmitry"]
[Result "0-1"]
[WhiteElo "2060"]
[BlackElo "2710"]
[Annotator "TA"]
[PlyCount "60"]
[EventType "team-tourn"]
[EventCountry "TUR"]
[WhiteTeam "Valerenga"]
[BlackTeam "Alkaloid"]

{[%evp 17,60,1,5,-10,-16,-13,10,9,23,4,24,-20,4,-2,0,-25,-18,-18,-18,-31,-24,-82,-100,-113,-109,-93,-76,-69,-75,-88,-96,-327,-338,-576,-356,-597,-572,-806,-542,-883,-751,-1092,-1072,-1598,-1522]} 1. e4 c5 2. Nf3 d6 3. g3 Nc6 4. Bg2 g6 5. O-O Bg7 6. Nc3 e6 7. d3 Nge7 8. Be3 Nd4 9. Qd2 Nec6 10. Nd1 {A04: Unusual lines after 1 Nf3 and King's Indian Attack} (10. Ne1 O-O 11. Bh6 Bxh6 12. Qxh6 f5 13. exf5 gxf5 14. Nd1 Ne5 15. c3 Ndc6 16. Qd2 f4 17. d4 Ng6 18. dxc5 dxc5 19. Qxd8 Rxd8 20. Bxc6 bxc6 {½-½ (49) Renner,C (2422)-Sokolov,A (2559) Germany 2008}) 10... Nxf3+ 11. Bxf3 O-O 12. Bg2 {The position is equal.} f5 13. f4 Bd7 14. Nc3 $146 ({Predecessor:} 14. c3 Rb8 15. Nf2 Qe7 16. Rae1 b6 17. Nd1 Rbe8 18. Bf2 Qd8 19. Kh1 {0-1 (48) Buksa,N (2261)-Dordzhieva,D (2304) Bhubaneswar 2016}) 14... Rb8 15. Rab1 Qa5 16. a3 Nd4 17. Rfe1 Bc6 18. Kh1 b5 19. b4 (19. Qd1 $11) 19... Qxa3 $17 20. Ra1 Qxb4 {[#] And now ...Nb3 would win.} 21. e5 Bxg2+ 22. Kxg2 {Reb1 is the strong threat.} dxe5 23. Reb1 {[#]} Nf3 $1 {[%mdl 512]} 24. Rxb4 $2 (24. Kxf3 $17 e4+ 25. dxe4 Bxc3 26. Rxb4 Bxd2 27. Rbb1 fxe4+ 28. Ke2 Bxe3 29. Kxe3) 24... Nxd2 $19 25. Bxc5 $2 (25. Rb2 {is the only way for White.} Nc4 26. dxc4 exf4 27. Bd2) 25... exf4 {[%cal Be5f4,Bf4f3][%mdl 32]} 26. d4 $2 (26. Bxf8 {was necessary.} Bxc3 27. Ra3 f3+ 28. Kf2) 26... Rfc8 {Black is clearly winning.} 27. Bd6 Rb6 28. Nxb5 f3+ 29. Kh3 a6 30. Bc5 Rxb5 {Precision: White = 20%, Black = 60%.} 0-1

[Event "33rd ECCC Open 2017"]
[Site "Antalya"]
[Date "2017.10.12"]
[Round "3"]
[White "Fox, Anthony"]
[Black "Zymberi, Astrit"]
[Result "1/2-1/2"]
[WhiteElo "2016"]
[BlackElo "2161"]
[Annotator "TA"]
[PlyCount "83"]
[EventType "team-tourn"]
[EventCountry "TUR"]
[WhiteTeam "Adare"]
[BlackTeam "Hasan Pristina"]

{[%evp 16,83,37,36,55,41,55,38,27,37,27,18,18,18,14,4,12,0,0,0,0,0,12,0,42,62,40,13,18,-5,0,-3,12,12,15,22,26,26,21,0,0,0,0,0,0,-8,-3,-6,0,0,12,0,0,0,0,0,0,0,0,0,0,0,0,0,0,0,0,0,0,0]} 1. e4 c5 2. Nc3 e6 3. g3 d5 4. exd5 exd5 5. d4 Nf6 6. Nge2 {B23: Closed Sicilian: Lines without g3} Bg4 (6... Nc6 7. Bg2 cxd4 8. Nxd4 Bg4 9. f3 Bh5 10. Be3 Bb4 11. O-O O-O 12. Bf2 Re8 13. Nce2 Ne5 14. Nf4 Bg6 15. Nxg6 hxg6 16. c3 Ba5 {1-0 (67) Cornette,M (2591)-Wang,P (2457) Auckland 2016}) 7. Bg2 cxd4 8. Qxd4 Nc6 9. Qa4 {LiveBook: 5 Games} Bb4 10. O-O h6 11. Nf4 $146 {[%cal Rc3d5]} ({Predecessor:} 11. a3 Bxc3 12. Nxc3 Be6 13. Qb5 Qd7 {½-½ (56) Montes Vazquez,S-Szamoskozi,G (2211) Aviles 2003}) 11... Bxc3 12. bxc3 {[#] Hoping for Nxd5!} O-O 13. Re1 Re8 14. Rxe8+ Qxe8 15. Be3 Rd8 16. Nxd5 Nxd5 17. Bxd5 Rxd5 18. Qxg4 f5 19. Qf3 (19. Qe2 {is more complex.} Qe4 20. f3 Qe5 21. Qe1 Rd8 22. Kf2) 19... Qe4 20. Qxe4 fxe4 $14 {[%mdl 4096] Endgame KRB-KRN} 21. Kg2 Ra5 22. f3 exf3+ 23. Kxf3 Kf7 24. Bd4 g6 25. Ke4 Ke6 26. Rf1 {aiming for Rf6+.} Ke7 27. Bg7 {The position is equal.} Rxa2 28. Kd3 h5 29. Rb1 b6 30. Rf1 Ra5 31. Ke4 Kd7 32. Rf7+ Ke8 33. Rf8+ Ke7 34. Rc8 Kd7 35. Rf8 Ne7 36. Rf7 Rf5 37. Bf6 Kc6 {[#] And now ...Ng8 would win.} 38. Rxe7 Rxf6 39. Rxa7 Rf2 40. Rg7 Rxc2 41. Rxg6+ Kb7 42. Kd3 {Precision: White = 55%, Black = 56%.} 1/2-1/2